000 00738nam a22002537a 4500
001 BR9510717
003 BR-BrBNA
005 20230928094833.0
007 ta
008 230509b bl.||||| |||| 00| 0 por d
040 _aBR-BrBNA
_bpor
_cBiblioteca Nacional de Agricultura
041 _a(Por)
072 _aC20
090 _ C20 BR9510717
110 1 _aAssociacao Brasileira de Credito e Assistencia Rural, Rio de Janeiro, GB (Brasil)
245 1 _aPlano experimental de formacao e desenvolvimento da juventude rural
260 3 _aRio de Janeiro, GB (Brasil):
_c[nd].
300 _a25 P.
500 _a28 ref.
650 _aJuventude Rural
650 _aExtensao Rural
909 _a202309
_bLucia
_c55
_dLucia Elande
942 _cBK
999 _c52931
_d52931